Statistics for Municipalities of Wood County, Wisconsin

Click here to take the quiz!

General Stats

  • This quiz has been taken 13 times
  • The average score is 11 of 36

Answers on the Map

Answers color-coded by a green-red scale on the quiz's map according to % correct below.
 

Answer Stats

Answer% Correct
City of Marshfield
50%
City of Pittsville
50%
City of Wisconsin Rapids
50%
Town of Arpin
50%
Town of Marshfield
50%
Village of Arpin
50%
Census Designated Place of Babcock
33%
Census Designated Place of Lake Wazeecha
33%
City of Nekoosa
33%
Town of Auburndale
33%
Town of Grand Rapids
33%
Town of Lincoln
33%
Town of Milladore
33%
Town of Port Edwards
33%
Town of Rudolph
33%
Town of Wood
33%
Village of Auburndale
33%
Village of Biron
33%
Village of Hewitt
33%
Village of Milladore
33%
Village of Port Edwards
33%
Village of Rudolph
33%
Village of Vesper
33%
Town of Cameron
17%
Town of Cary
17%
Town of Cranmoor
17%
Town of Dexter
17%
Town of Hansen
17%
Town of Hiles
17%
Town of Remington
17%
Town of Richfield
17%
Town of Rock
17%
Town of Saratoga
17%
Town of Seneca
17%
Town of Sherry
17%
Town of Sigel
17%

Score Distribution

Percentile by Number Answered

Percent of People with Each Score

Your Score History

You have not taken this quiz